Enseñar y aprender economía en educación secundaria

Guardat en:
Dades bibliogràfiques
Autor principal: Travé González, Gabriel (autor)
Altres autors: Molina Marfil, José Antonio (autor), Delval Merino, Juan (autor)
Format: Desconegut
Idioma:anglès
Publicat: Madrid, España. Síntesis, 2018
Matèries:
Etiquetes: Afegir etiqueta
Sense etiquetes, Sigues el primer a etiquetar aquest registre!

MARC

LEADER 00000 a2200000 4500
003 CL-VaPUC
005 20211214154318.0
008 210802b2018 ||||| |||| 00| 0 eng d
999 |c 433095  |d 433093 
020 |a 9788491712138 
040 |c Pontificia Universidad Católica de Valparaíso 
082 |a 330.0712 TRA 2018 
100 |a Travé González, Gabriel   |9 861375  |e autor 
245 |a Enseñar y aprender economía en educación secundaria 
260 |a Madrid, España.   |b Síntesis,   |c 2018 
300 |a 293 páginas  
583 |k Cristina Rojas  |c 20210802 
650 0 |a Economía   |9 255568  |x Estudio y enseñanza  |x Educación secundaria 
650 0 |a Economía  |x Educación secundaria  |x Metodología   |9 862438 
700 |a Molina Marfil, José Antonio  |9 862376  |e autor 
700 |a Delval Merino, Juan   |9 862377  |e autor 
942 |2 ddc  |c BK 
952 |0 0  |1 0  |2 ddc  |4 0  |6 330_071200000000000_TRA_2018  |7 0  |8 A  |9 578545  |a BIBHIS  |b BIBHIS  |d 2021-08-03  |e 3  |g 27709.00  |i 5587085  |l 1  |o 330.0712 TRA 2018  |p 5587085  |r 2025-01-20  |s 2021-08-24  |t 1  |v 27709.00  |w 2021-08-03  |y BK  |k HIS